| 000 | 00644nam a2200229 i 4500 | ||
|---|---|---|---|
| 001 | 8367 | ||
| 003 | ES-MaACL | ||
| 005 | 20231125063005.0 | ||
| 007 | t| | ||
| 008 | 920612s1992 sp ||||1| spa d | ||
| 020 | _a84-204-8096-7 | ||
| 080 | _a821.134.2-31"19" | ||
| 100 | 1 |
_aDíez, Luis Mateo, _d1942- _944658 |
|
| 245 | 1 | 3 |
_aEl expediente del náufrago / _cLuis Mateo Díez. |
| 250 | _a2ª ed. | ||
| 260 |
_aMadrid : _bAlfaguara, _c1992. |
||
| 300 |
_a331 p. ; _c22 cm. |
||
| 490 | 1 |
_aAlfaguara hispánica ; _v90 |
|
| 830 | 1 |
_aAlfaguara hispánica ; _v90 _9178131 |
|
| 852 | 4 |
_aES-MaACL _jL-15792 |
|
| 999 |
_c8367 _d8367 |
||